| 000 | 00956nam a22002777a 4500 | ||
|---|---|---|---|
| 001 | 37283 | ||
| 003 | BD-RjUL | ||
| 005 | 20211209052609.0 | ||
| 008 | 141119s1997 nhua|||| b||| 001 0 eng d | ||
| 020 | _a1886106940 (v. 2) | ||
| 035 | _a(BD-RjUL)37386 | ||
| 040 |
_aBD-RjUL _beng _cBD-RjUL |
||
| 041 | _aeng | ||
| 082 |
_a633 _bGEN 1997 |
||
| 245 |
_aGenetics, cytogenetics and breeding of crop plants / _ceditors, P.N. Bahl, P.M. Salimath. _nVolume 2. _pCereal and commercial crops |
||
| 260 |
_aLebanon, N.H. : _b Science Publishers, _c c1997. |
||
| 300 |
_a357 p. : _bill. ; _c25 cm. |
||
| 504 | _aIncludes bibliographical references and indexes. | ||
| 505 | _a v. 1. Pulses and oilseeds -- v. 2. Cereal and commercial crops. | ||
| 650 |
_aCrops _xGenetics. _9113932 |
||
| 650 |
_aCrops _xCytogenetics. _9114235 |
||
| 650 |
_aPlant breeding. _9114204 |
||
| 700 |
_aBahl, P. N. _9114236 |
||
| 700 |
_aSalimath, P. M. _9114237 |
||
| 942 |
_2ddc _cBK |
||
| 999 |
_c37283 _d37283 |
||